Great expectations (Record no. 71816)

MARC details
000 -LEADER
fixed length control field 01162cam a2200241 4500
001 - CONTROL NUMBER
control field ABS66267
008 - FIXED-LENGTH DATA ELEMENTS--GENERAL INFORMATION
fixed length control field 021218n2002 000 0 eng u
035 ## - SYSTEM CONTROL NUMBER
System control number (Sirsi) u120836
100 ## - MAIN ENTRY--PERSONAL NAME
Personal name Howe, C
245 ## - TITLE STATEMENT
Title Great expectations
260 ## - PUBLICATION, DISTRIBUTION, ETC.
Date of publication, distribution, etc. 2002
490 ## - SERIES STATEMENT
Series statement RICS Building Surveying Faculty News
Volume/sequential designation (5) October 2002, 8-11(4)
520 ## - SUMMARY, ETC.
Summary, etc. Explores the principles of the surveyor's role in dilapidations issues. Concludes that it calls for a knowledge of building construction, the drafting of contracts and modern law. Issues examined include damages and forfeitures, quitting the premises and schedules of condition. Points out that the landlord's opportunity to pursue a tenant for 'interim dilapidations' is seriously curtailed by three historic statutes: Law of Property Act 1925, Landlord and Tenant Act 1927 and Leasehold Properties(Repairs) Act 1938
590 ## - LOCAL NOTE (RLIN)
Local note ABS
650 ## - SUBJECT ADDED ENTRY--TOPICAL TERM
Topical term or geographic name entry element SCHEDULES OF CONDITION
650 ## - SUBJECT ADDED ENTRY--TOPICAL TERM
Topical term or geographic name entry element DAMAGES
650 ## - SUBJECT ADDED ENTRY--TOPICAL TERM
Topical term or geographic name entry element FORFEITURE
650 ## - SUBJECT ADDED ENTRY--TOPICAL TERM
Topical term or geographic name entry element LAW OF PROPERTY ACT 1925
650 ## - SUBJECT ADDED ENTRY--TOPICAL TERM
Topical term or geographic name entry element LANDLORD AND TENANT ACT 1927
650 ## - SUBJECT ADDED ENTRY--TOPICAL TERM
Topical term or geographic name entry element LEASEHOLD PROPERTIES (REPAIRS) ACT 1938
690 ## - LOCAL SUBJECT ADDED ENTRY--TOPICAL TERM (OCLC, RLIN)
Topical term or geographic name as entry element Dilapidations
9 (RLIN) 6235
942 ## - ADDED ENTRY ELEMENTS (KOHA)
Suppress in OPAC 0
Holdings
Withdrawn status Lost status Source of classification or shelving scheme Damaged status Not for loan Home library Current library Shelving location Date acquired Total Checkouts Full call number Barcode Date last seen Copy number Price effective from Koha item type
    Dewey Decimal Classification     London London Journal article 18/12/2002   ABS66267 120836-1001 06/08/2019 1 06/08/2019 Journal article